000 00512nam a2200181Ia 4500
003 GCL
008 140319s9999 xx 000 0 ara d
040 _aGCL /
_cGCL
082 0 4 _aق
_b332.11
_bد م
100 1 _aبدون مؤلف
245 1 0 _aمجموعة خطب محمد طلعت حرب بك /
_cبدون مؤلف
300 _a256 ص
490 _a
650 0 4 _aمحمد طلعت حرب
650 0 4 _aالبنوك - مصر
650 0 4 _aمصر - الاحوال الاقتصادية
942 _2ddc
_cBK
999 _c45274
_d45274